عرض عادي
عرض مارك
- Quantum theory
مدخل مصطلح موضوعي
001 - رقم الضبط
- حقل الضبط: 88215
003 - معرف رقم الضبط
- حقل الضبط: OSt
005 - تاريخ ووقت أخر عملية
- حقل الضبط: 20210304172240.0
008 - عناصر بيانات ثابتة الطول
- حقل تحكم ثابت الطول: 210304|| aca||aabn | a|a d
040 ## - مصدر الفهرسة
- هيئة الفهرسة الأصلية: OSt
- وكالة الكتابة: OSt
150 ## - مدخل-- مصطلح تاريخي
- عنصر مدخل المصطلح الموضوعي او الاسم الجغرافي: Quantum theory
670 ## - بيانات المصدر موجوده
- الاستشهاد بالمصدر: Work cat.: (OSt)0: Squires, G. L. (Gordon Leslie) 88214, Problems in quantum mechanics with solutions /
